| 000 | 00864nam a2200265Ia 4500 | ||
|---|---|---|---|
| 003 | OSt | ||
| 005 | 20221005103643.0 | ||
| 006 | a|||||r|||| 00| 0 | ||
| 007 | ta | ||
| 008 | GUJ | ||
| 020 | _a90165011 (hbk) | ||
| 024 | _a26756 | ||
| 037 |
_bGift, 11/05/2016, _cTextual |
||
| 040 |
_aCRL _cCRL _bGUJ |
||
| 041 |
_2GUJ _aGUJ |
||
| 082 | _aO156,3x, 152P3 | ||
| 100 | _aचंद्रिकेश, जगदीश | ||
| 245 | 0 | _aगुजराती कथा संचयन | |
| 246 | _aGujarātī kathā sanchayana | ||
| 260 |
_aदिल्ली _bअनन्य प्रकाशन भारत _c2003 |
||
| 300 |
_a101पृ0 _ccm. |
||
| 650 | _aगुजराती साहित्य | ||
| 942 |
_hO156,3x, 152P3 _cTEXL _2cc |
||
| 999 |
_c1010514 _d1010514 |
||